000 00300nam a22001337a 4500
008 181101b xxu||||| |||| 00| 0 eng d
020 _a0932883206
041 _aeng
080 _a610
100 _a4
101 _aSHM
245 _aCalcium Antagonists and the Kidney
_cEpstein, M
942 _2udc
_cBK
999 _c51512
_d51512